| 000 | 00389nam a22001577a 4500 | ||
|---|---|---|---|
| 003 | SGT | ||
| 020 | _a978-0-85711-062-6 | ||
| 082 |
_a615.4 _bR13A |
||
| 100 | _aALLEN, LOYD.V, ED | ||
| 245 | _aREMINGTON THE SCIENCE AND PRACTICE OF PHARMACY | ||
| 250 | _a22ND | ||
| 260 |
_aDELHI _bPHARMACEUTICAL PRESS _c2013 |
||
| 300 | _a1852+INDEX+2724 | ||
| 650 | _aPRACTICE PHARMACY | ||
| 942 |
_2ddc _cBK |
||
| 999 |
_c8785 _d8785 |
||